Normal view
MARC view
Entry Personal Name
001 - CONTROL NUMBER
- control field: 188
003 - CONTROL NUMBER IDENTIFIER
- control field: OSt
005 - DATE AND TIME OF LATEST TRANSACTION
- control field: 20220816165410.0
008 - FIXED-LENGTH DATA ELEMENTS
- fixed length control field: 220816|| aca||aabn | a|a d
040 ## - CATALOGING SOURCE
- Original cataloging agency: OSt
- Transcribing agency: OSt
100 ## - HEADING--PERSONAL NAME
- Personal name: Saxe, JoAnne M
670 ## - SOURCE DATA FOUND
- Source citation: Work cat.: (OSt)0: Clinical guidelines for advanced practice nursing: an interdisciplinary approach. /, 2012.
